| 000 | 00453nam a2200133Ia 4500 | ||
|---|---|---|---|
| 008 | 170221s9999 xx 000 0 und d | ||
| 100 | _aIqbal, Uqbah | ||
| 245 | _aBook Review How to Grow Rich: Secrets to Better Money Management | ||
| 245 | _cUqbah Iqbal | ||
| 260 | _c2012 | ||
| 300 | _a32 : 6 | ||
| 650 | _xBusiness | ||
| 856 | _uhttp://www.omicsgroup.org/journals/book-review-how-to-grow-rich-secrets-to-better-moneymanagement-2167-0234-1000201.pdf | ||
| 999 |
_c311269 _d311269 |
||